[Event "34. Open Internacional de Andorra 2016"]
[Site "Andorra AND"]
[Date "2016.08.11"]
[Round "9.8"]
[White "Barbero Sendic, Alejandro"]
[Black "Aloma Vidal, Robert"]
[Result "0-1"]
[WhiteElo "2336"]
[BlackElo "2475"]
[PlyCount "124"]
[EventDate "2016.08.03"]
[EventType "swiss"]
[EventRounds "9"]
[EventCountry "AND"]
[SourceTitle "Ajedrez en Madrid"]
[Source "lmi"]
[SourceDate "2016.08.03"]
[SourceVersion "1"]
[SourceVersionDate "2018.03.01"]
[SourceQuality "1"]

1. e4 c6 2. d4 d5 3. Nd2 dxe4 4. Nxe4 Bf5 5. Ng3 Bg6 6. N1e2 e6 7. h4 h6 8. Nf4
Bh7 9. c3 Nf6 10. Bc4 Bd6 11. Qf3 Nbd7 12. Be3 Bxf4 13. Bxf4 a5 14. O-O-O Nb6
15. Bd3 Qd5 16. Bxh7 Rxh7 17. Kb1 a4 18. Qd3 Nc4 19. Bc1 Rh8 20. Rhe1 O-O-O 21.
f3 Qb5 22. Ka1 Nd5 23. Ne4 b6 24. Nd2 Nxd2 25. Qxb5 cxb5 26. Bxd2 Kb7 27. b3
Rc8 28. Rc1 Rhd8 29. c4 bxc4 30. bxc4 Ne7 31. d5 Nf5 32. h5 exd5 33. cxd5 Rxc1+
34. Bxc1 Rxd5 35. g4 Nd6 36. Re7+ Kc6 37. Bf4 Nc4 38. Rc7+ Kb5 39. Kb1 Rd3 40.
Rxf7 Rxf3 41. Rf5+ Kc6 42. Bc1 Na3+ 43. Bxa3 Rxa3 44. Rf7 Rg3 45. Rxg7 Kc5 46.
Rg6 b5 47. Rxh6 Rg1+ 48. Kb2 Rg2+ 49. Kb1 Rxg4 50. Rh8 Rg1+ 51. Kc2 Kb4 52. h6
Ka3 53. Rb8 Rg2+ 54. Kb1 Rg1+ 55. Kc2 Rh1 56. Rxb5 Rxh6 57. Ra5 Rh2+ 58. Kb1
Rb2+ 59. Kc1 Rb4 60. Ra8 Kxa2 61. Kc2 a3 62. Kc1 Rc4+ 0-1

[Event "34. Open Internacional de Andorra 2016"]
[Site "Andorra AND"]
[Date "2016.08.11"]
[Round "9.9"]
[White "Bekker-Jensen, Simon"]
[Black "Eden, James"]
[Result "1-0"]
[WhiteElo "2456"]
[BlackElo "2320"]
[PlyCount "201"]
[EventDate "2016.08.03"]
[EventType "swiss"]
[EventRounds "9"]
[EventCountry "AND"]
[SourceTitle "Ajedrez en Madrid"]
[Source "lmi"]
[SourceDate "2016.08.03"]
[SourceVersion "1"]
[SourceVersionDate "2018.03.01"]
[SourceQuality "1"]

1. c4 e5 2. g3 Nc6 3. Nc3 Bc5 4. Bg2 a6 5. Nf3 d6 6. e3 Ba7 7. d4 Bg4 8. h3
Bxf3 9. Bxf3 exd4 10. exd4 Nxd4 11. Bxb7 Rb8 12. Be3 Rxb7 13. Bxd4 Bxd4 14.
Qxd4 Nf6 15. O-O O-O 16. b3 Qd7 17. Kh2 Re8 18. Rad1 Rbb8 19. c5 Qc6 20. cxd6
cxd6 21. Nd5 Nxd5 22. Qxd5 Qxd5 23. Rxd5 Re2 24. Ra5 Rb6 25. Kg2 Rc6 26. Kf3
Re5 27. Rxe5 dxe5 28. Rd1 f6 29. Rd8+ Kf7 30. Rd7+ Kg6 31. Ra7 f5 32. g4 fxg4+
33. hxg4 h6 34. Ke4 Kf6 35. Kd5 Rb6 36. f3 g6 37. Rh7 Kg5 38. Kxe5 Rf6 39. Ke4
Re6+ 40. Kd3 Kf4 41. Rf7+ Kg3 42. b4 h5 43. gxh5 gxh5 44. f4 h4 45. f5 Rh6 46.
Ke3 h3 47. Rg7+ Kh4 48. Kf3 h2 49. Kg2 Rf6 50. Rg6 Rxf5 51. Rxa6 Kg4 52. Kxh2
Rf2+ 53. Kg1 Rb2 54. a3 Kf3 55. Rf6+ Ke3 56. Rh6 Kd4 57. Rh5 Kc4 58. Kf1 Kb3
59. Ra5 Kc4 60. Ke1 Rh2 61. b5 Kc5 62. a4 Kb6 63. Ra6+ Kb7 64. Kd1 Rg2 65. Kc1
Rh2 66. Rg6 Rh4 67. a5 Ra4 68. Rb6+ Ka7 69. Ra6+ Kb7 70. Kc2 Ra1 71. Kb2 Ra4
72. Kb3 Ra1 73. Kc4 Rc1+ 74. Kd5 Rd1+ 75. Ke6 Re1+ 76. Kd7 Re5 77. Rb6+ Ka7 78.
Kc6 Re6+ 79. Kc7 Re7+ 80. Kd6 Rh7 81. Rc6 Rh6+ 82. Kc5 Rh5+ 83. Kb4 Rh1 84.
Rc7+ Kb8 85. b6 Rb1+ 86. Ka4 Rb2 87. Rg7 Rb1 88. Rg4 Kb7 89. Rb4 Ra1+ 90. Kb5
Ra2 91. Rb1 Ra3 92. Rh1 Rb3+ 93. Kc4 Rb2 94. Rh7+ Kb8 95. Kc5 Rg2 96. Kb5 Rg5+
97. Ka6 Rg8 98. Rh5 Rf8 99. Kb5 Rg8 100. a6 Ka8 101. a7 1-0

[Event "34. Open Internacional de Andorra 2016"]
[Site "Andorra AND"]
[Date "2016.08.11"]
[Round "9.10"]
[White "Cimer, Emanuel"]
[Black "Antoli Royo, Joaquin Miguel"]
[Result "0-1"]
[WhiteElo "2230"]
[BlackElo "2432"]
[PlyCount "100"]
[EventDate "2016.08.03"]
[EventType "swiss"]
[EventRounds "9"]
[EventCountry "AND"]
[SourceTitle "Ajedrez en Madrid"]
[Source "lmi"]
[SourceDate "2016.08.03"]
[SourceVersion "1"]
[SourceVersionDate "2018.03.01"]
[SourceQuality "1"]

1. e4 e5 2. Nf3 Nc6 3. Bb5 a6 4. Ba4 Nf6 5. d3 b5 6. Bb3 Be7 7. O-O d6 8. a3
O-O 9. Nc3 Bg4 10. Nd5 Bxf3 11. Qxf3 Nd4 12. Qd1 Nxb3 13. Nxf6+ Bxf6 14. cxb3
c5 15. b4 Qd7 16. Qb3 Qb7 17. bxc5 dxc5 18. a4 Rfc8 19. Be3 Be7 20. f4 exf4 21.
Bxf4 Qd7 22. Be3 c4 23. dxc4 bxc4 24. Qc2 Bd6 25. Rad1 Qc7 26. h3 Be5 27. Rd5
Qe7 28. Rfd1 Rab8 29. Rd7 Qh4 30. Qd2 Rf8 31. Bc5 Rfe8 32. Re7 h6 33. Rxe8+
Rxe8 34. Rf1 Rd8 35. Qf2 Qxf2+ 36. Rxf2 Rd1+ 37. Rf1 Rxf1+ 38. Kxf1 Bxb2 39.
Ke2 g6 40. Ke3 f5 41. exf5 gxf5 42. Bd4 Bc1+ 43. Ke2 Kf7 44. Kd1 Bf4 45. Kc2
Ke6 46. Bf2 h5 47. Bg1 Kd5 48. Ba7 Ke4 49. Bf2 Be5 50. Be1 Ke3 0-1

[Event "34. Open Internacional de Andorra 2016"]
[Site "Andorra AND"]
[Date "2016.08.11"]
[Round "9.11"]
[White "Jerez Perez, Alfonso"]
[Black "Aubry, Yannis"]
[Result "1-0"]
[WhiteElo "2386"]
[BlackElo "2269"]
[PlyCount "79"]
[EventDate "2016.08.03"]
[EventType "swiss"]
[EventRounds "9"]
[EventCountry "AND"]
[SourceTitle "Ajedrez en Madrid"]
[Source "lmi"]
[SourceDate "2016.08.03"]
[SourceVersion "1"]
[SourceVersionDate "2018.03.01"]
[SourceQuality "1"]

1. Nf3 Nf6 2. g3 g6 3. Bg2 Bg7 4. c4 O-O 5. O-O d6 6. d4 Nc6 7. Nc3 a6 8. Nd5
Nd7 9. e4 b5 10. Be3 bxc4 11. Qa4 Bb7 12. Qxc4 e6 13. Nc3 Na5 14. Qe2 d5 15.
exd5 exd5 16. Rac1 Nb6 17. b3 Nc6 18. Qd2 Re8 19. Ne2 Ne7 20. Bf4 c6 21. Rfe1
a5 22. Ne5 f6 23. Nd3 g5 24. Nc5 Bc8 25. Be3 Nf5 26. Nc3 Ra7 27. Qd3 Nxe3 28.
Rxe3 Rxe3 29. Qxe3 Re7 30. Qd2 f5 31. N3a4 Nxa4 32. Nxa4 Qe8 33. Nc5 h6 34. Bf1
Qf8 35. Rd1 Qd8 36. Qc3 f4 37. Nd3 Bg4 38. Rc1 Bd7 39. Ne5 Bxe5 40. dxe5 1-0

[Event "34. Open Internacional de Andorra 2016"]
[Site "Andorra AND"]
[Date "2016.08.11"]
[Round "9.12"]
[White "Sanchez Dengra, Jose Maria"]
[Black "Prohaszka, Peter"]
[Result "0-1"]
[WhiteElo "2152"]
[BlackElo "2604"]
[PlyCount "112"]
[EventDate "2016.08.03"]
[EventType "swiss"]
[EventRounds "9"]
[EventCountry "AND"]
[SourceTitle "Ajedrez en Madrid"]
[Source "lmi"]
[SourceDate "2016.08.03"]
[SourceVersion "1"]
[SourceVersionDate "2018.03.01"]
[SourceQuality "1"]

1. e4 c6 2. d4 d5 3. e5 c5 4. dxc5 Nc6 5. Bb5 e6 6. Be3 Nge7 7. c3 Bd7 8. Bxc6
Bxc6 9. Bd4 a5 10. a4 Nf5 11. Nf3 Nxd4 12. cxd4 b6 13. O-O bxc5 14. dxc5 Qd7
15. Qc2 Be7 16. Ra3 Rb8 17. Rc3 O-O 18. b3 d4 19. Rd1 dxc3 20. Rxd7 Bxd7 21.
Nxc3 Bc6 22. Nd4 Rfc8 23. Nce2 Rb4 24. h3 Be8 25. c6 Rb6 26. Qd2 Bb4 27. Qe3
Bc5 28. Qc3 Bb4 29. Qe3 Rbb8 30. Qf3 Rc7 31. Nc3 Rbc8 32. Ncb5 Bxc6 33. Nxc6
Rxc6 34. Kh2 Rc2 35. Nd6 Rf8 36. Ne4 h6 37. Qd3 Rfc8 38. Qf3 Rd8 39. Nd6 Bxd6
40. exd6 Rd2 41. Qb7 R2xd6 42. b4 R6d7 43. Qb6 axb4 44. a5 Ra8 45. Qxb4 Rda7
46. Qb1 Rxa5 47. Qb7 Rf8 48. Kg3 Ra2 49. h4 Rd8 50. h5 Rdd2 51. Qb8+ Kh7 52.
Qb1+ Rac2 53. Qb7 Rxf2 54. Qe4+ f5 55. Qxe6 Rxg2+ 56. Kh4 Rg5 0-1

[Event "34. Open Internacional de Andorra 2016"]
[Site "Andorra AND"]
[Date "2016.08.11"]
[Round "9.13"]
[White "Sowray, Peter J"]
[Black "Marzano, Carlo"]
[Result "1-0"]
[WhiteElo "2348"]
[BlackElo "2199"]
[PlyCount "39"]
[EventDate "2016.08.03"]
[EventType "swiss"]
[EventRounds "9"]
[EventCountry "AND"]
[SourceTitle "Ajedrez en Madrid"]
[Source "lmi"]
[SourceDate "2016.08.03"]
[SourceVersion "1"]
[SourceVersionDate "2018.03.01"]
[SourceQuality "1"]

1. e4 d6 2. d4 Nf6 3. Nc3 e5 4. Nge2 Nbd7 5. h3 Be7 6. g4 h5 7. g5 Nh7 8. h4
O-O 9. Be3 c6 10. a4 b6 11. f4 exf4 12. Nxf4 g6 13. Bc4 Kg7 14. Nxh5+ gxh5 15.
Qxh5 Qe8 16. O-O-O c5 17. Rhg1 Rh8 18. Rdf1 cxd4 19. Bxd4+ Ne5 20. Bxf7 1-0

[Event "34. Open Internacional de Andorra 2016"]
[Site "Andorra AND"]
[Date "2016.08.11"]
[Round "9.14"]
[White "Berkovich, Mark A"]
[Black "Orteu Capdevila, Max"]
[Result "1-0"]
[WhiteElo "2346"]
[BlackElo "2147"]
[PlyCount "99"]
[EventDate "2016.08.03"]
[EventType "swiss"]
[EventRounds "9"]
[EventCountry "AND"]
[SourceTitle "Ajedrez en Madrid"]
[Source "lmi"]
[SourceDate "2016.08.03"]
[SourceVersion "1"]
[SourceVersionDate "2018.03.01"]
[SourceQuality "1"]

1. Nf3 c5 2. c4 Nf6 3. Nc3 e6 4. g3 a6 5. Bg2 Qc7 6. O-O d6 7. b3 Be7 8. d4
cxd4 9. Nxd4 Bd7 10. Bb2 Nc6 11. Rc1 Nxd4 12. Qxd4 O-O 13. Qf4 Rac8 14. Ne4
Nxe4 15. Qxe4 Bc6 16. Qg4 e5 17. Rfd1 Bxg2 18. Kxg2 b5 19. cxb5 Qb7+ 20. Qf3
Qxf3+ 21. Kxf3 axb5 22. Rxc8 Rxc8 23. Rc1 Rb8 24. a3 f5 25. e4 g6 26. Rc7 Kf7
27. Ke3 fxe4 28. Kxe4 Ke6 29. Rc6 g5 30. f3 h5 31. h3 h4 32. g4 Rf8 33. Bc1 Kd7
34. Rb6 Rc8 35. Be3 Rc3 36. Rxb5 Kc6 37. Bd2 Rc2 38. Rd5 Rb2 39. b4 Ra2 40. b5+
Kb6 41. Rd3 Kxb5 42. Kd5 Bd8 43. Ke6 Bc7 44. Bxg5 Kc4 45. Rd2 Rxa3 46. Rc2+ Rc3
47. Rxc3+ Kxc3 48. Bxh4 Kd4 49. g5 Bd8 50. g6 1-0

[Event "34. Open Internacional de Andorra 2016"]
[Site "Andorra AND"]
[Date "2016.08.11"]
[Round "9.15"]
[White "Eizaguerri Floris, Maria"]
[Black "Adel Lahchaichi, Oussama"]
[Result "0-1"]
[WhiteElo "2111"]
[BlackElo "2334"]
[PlyCount "90"]
[EventDate "2016.08.03"]
[EventType "swiss"]
[EventRounds "9"]
[EventCountry "AND"]
[SourceTitle "Ajedrez en Madrid"]
[Source "lmi"]
[SourceDate "2016.08.03"]
[SourceVersion "1"]
[SourceVersionDate "2018.03.01"]
[SourceQuality "1"]

1. e4 c5 2. c3 Nf6 3. e5 Nd5 4. Bc4 e6 5. d4 cxd4 6. Bxd5 exd5 7. Qxd4 Nc6 8.
Qxd5 d6 9. exd6 Bxd6 10. Qg5 Qxg5 11. Bxg5 Ne5 12. Ke2 b6 13. Nf3 Ba6+ 14. Kd2
Nd3 15. Kc2 Nxf2 16. Re1+ Kf8 17. Bh4 Ng4 18. h3 Nh6 19. g4 f6 20. Nbd2 Kf7 21.
Ne4 Be7 22. g5 Nf5 23. gxf6 gxf6 24. Rad1 Rad8 25. Bf2 Rxd1 26. Rxd1 Be2 27.
Nd4 Bxd1+ 28. Kxd1 Nxd4 29. Bxd4 Rg8 30. Ke2 f5 31. Nf2 Bd6 32. a4 Ke6 33. a5
bxa5 34. c4 Be5 35. Bxa7 Bxb2 36. Nd3 Be5 37. Nc5+ Kf7 38. Bb6 Rg2+ 39. Kf1 Rc2
40. Nd3 Bg3 41. Bxa5 Rxc4 42. Kg2 Bd6 43. Kf3 Rh4 44. Nf2 Bc5 45. Be1 Bxf2 0-1

[Event "34. Open Internacional de Andorra 2016"]
[Site "Andorra AND"]
[Date "2016.08.11"]
[Round "9.16"]
[White "Cai, Chaoruo"]
[Black "Rudolf, Anna"]
[Result "1/2-1/2"]
[WhiteElo "1961"]
[BlackElo "2247"]
[PlyCount "56"]
[EventDate "2016.08.03"]
[EventType "swiss"]
[EventRounds "9"]
[EventCountry "AND"]
[SourceTitle "Ajedrez en Madrid"]
[Source "lmi"]
[SourceDate "2016.08.03"]
[SourceVersion "1"]
[SourceVersionDate "2018.03.01"]
[SourceQuality "1"]

1. d4 Nf6 2. c4 b6 3. Nc3 Bb7 4. Nf3 d5 5. cxd5 Nxd5 6. e3 g6 7. Bb5+ c6 8. Bc4
Bg7 9. Nxd5 cxd5 10. Bd3 O-O 11. Bd2 Nd7 12. Bc3 Nf6 13. O-O Ne4 14. Bb4 Qd7
15. Qe2 Rfc8 16. Rfc1 Nd6 17. h3 f6 18. Ba6 Rxc1+ 19. Rxc1 Rc8 20. Rxc8+ Nxc8
21. Bxb7 Qxb7 22. Ne1 Kf7 23. Qc2 a5 24. Bd2 Qa6 25. b3 Nd6 26. Nd3 Qc8 27.
Qxc8 Nxc8 28. Nf4 e6 1/2-1/2

[Event "34. Open Internacional de Andorra 2016"]
[Site "Andorra AND"]
[Date "2016.08.11"]
[Round "9.17"]
[White "Nieves Cabanes, Javier"]
[Black "Garcia Paolicchi, Raul"]
[Result "1/2-1/2"]
[WhiteElo "2215"]
[BlackElo "2144"]
[PlyCount "24"]
[EventDate "2016.08.03"]
[EventType "swiss"]
[EventRounds "9"]
[EventCountry "AND"]
[SourceTitle "Ajedrez en Madrid"]
[Source "lmi"]
[SourceDate "2016.08.03"]
[SourceVersion "1"]
[SourceVersionDate "2018.03.01"]
[SourceQuality "1"]

1. d4 d5 2. c4 c6 3. Nf3 Nf6 4. Nc3 dxc4 5. a4 Bf5 6. Ne5 Na6 7. f3 Nd7 8. Nxc4
e5 9. e4 exd4 10. exf5 dxc3 11. bxc3 Qf6 12. Qd4 Qxd4 1/2-1/2

[Event "34. Open Internacional de Andorra 2016"]
[Site "Andorra AND"]
[Date "2016.08.11"]
[Round "9.18"]
[White "Merenciano, Alexandre"]
[Black "Bas Mas, Miguel"]
[Result "0-1"]
[WhiteElo "2197"]
[BlackElo "2123"]
[PlyCount "96"]
[EventDate "2016.08.03"]
[EventType "swiss"]
[EventRounds "9"]
[EventCountry "AND"]
[SourceTitle "Ajedrez en Madrid"]
[Source "lmi"]
[SourceDate "2016.08.03"]
[SourceVersion "1"]
[SourceVersionDate "2018.03.01"]
[SourceQuality "1"]

1. e4 c5 2. Nf3 e6 3. d4 cxd4 4. Nxd4 a6 5. Bd3 Qc7 6. O-O Nf6 7. c4 d6 8. Nc3
g6 9. h3 Bg7 10. Be3 O-O 11. f4 Nbd7 12. Rc1 b6 13. g4 e5 14. Nf3 Bb7 15. f5
gxf5 16. gxf5 Nc5 17. Nd5 Bxd5 18. cxd5 Qd8 19. Bg5 h6 20. Bh4 a5 21. Nh2 b5
22. Kh1 Kh7 23. Ng4 Rb8 24. Bb1 Ncd7 25. Rc6 Rb6 26. Qc1 Qb8 27. Bxf6 Nxf6 28.
Bd3 Nxg4 29. hxg4 Rxc6 30. dxc6 Bf6 31. Rf2 Bg5 32. Qf1 Qb6 33. Bxb5 Qd4 34.
Re2 Be3 35. Qf3 Qd1+ 36. Kg2 Bb6 37. Qf1 Qd4 38. Re1 Rg8 39. Qe2 h5 40. Rd1
Rxg4+ 41. Kh3 Qc5 42. Re1 d5 43. f6 dxe4 44. a4 Qd6 45. Rf1 Kg6 46. b3 Kg5 47.
Qd1 Qe6 48. Qd7 Qxb3+ 0-1

[Event "34. Open Internacional de Andorra 2016"]
[Site "Andorra AND"]
[Date "2016.08.11"]
[Round "9.19"]
[White "Da Silva, Quentin"]
[Black "Martinez Lopez, Ivan"]
[Result "0-1"]
[WhiteElo "2110"]
[BlackElo "2246"]
[PlyCount "74"]
[EventDate "2016.08.03"]
[EventType "swiss"]
[EventRounds "9"]
[EventCountry "AND"]
[SourceTitle "Ajedrez en Madrid"]
[Source "lmi"]
[SourceDate "2016.08.03"]
[SourceVersion "1"]
[SourceVersionDate "2018.03.01"]
[SourceQuality "1"]

1. e4 d5 2. exd5 Qxd5 3. Nc3 Qd6 4. d4 c6 5. Nf3 Nf6 6. Ne5 Nbd7 7. f4 g6 8.
Bc4 e6 9. g4 Nb6 10. Bb3 Nbd5 11. g5 Nxc3 12. bxc3 Nd7 13. Qf3 c5 14. O-O cxd4
15. cxd4 Bg7 16. c3 O-O 17. Nc4 Qa6 18. Ne5 b5 19. Qf2 Bb7 20. Bd1 Nb6 21. Bf3
Rac8 22. Bxb7 Qxb7 23. Ba3 Rfd8 24. Bc5 Na4 25. Rac1 Nxc5 26. dxc5 Bxe5 27.
fxe5 Rd5 28. Rcd1 Rxe5 29. Qf6 Qc7 30. c6 Re2 31. Rf2 Rxf2 32. Qxf2 Qxc6 33.
Qf6 Qc5+ 34. Kg2 Qf5 35. Qxf5 gxf5 36. Rd7 a5 37. Ra7 a4 0-1

[Event "34. Open Internacional de Andorra 2016"]
[Site "Andorra AND"]
[Date "2016.08.11"]
[Round "9.20"]
[White "Smith, Matthieu"]
[Black "Garrido Fernandez, Daniel"]
[Result "1/2-1/2"]
[WhiteElo "2108"]
[BlackElo "2204"]
[PlyCount "65"]
[EventDate "2016.08.03"]
[EventType "swiss"]
[EventRounds "9"]
[EventCountry "AND"]
[SourceTitle "Ajedrez en Madrid"]
[Source "lmi"]
[SourceDate "2016.08.03"]
[SourceVersion "1"]
[SourceVersionDate "2018.03.01"]
[SourceQuality "1"]

1. Nf3 f5 2. b3 Nf6 3. Bb2 g6 4. c4 Bg7 5. g3 O-O 6. Bg2 d6 7. d4 c6 8. O-O Qc7
9. Nbd2 a5 10. Qc2 Na6 11. a3 Re8 12. e4 e5 13. dxe5 dxe5 14. c5 Kh8 15. Rfe1
Nxe4 16. Nxe4 fxe4 17. Nd2 Qe7 18. Nxe4 Bf5 19. Rac1 Rad8 20. Qc3 Rd5 21. b4
axb4 22. axb4 Bxe4 23. Rxe4 Qd7 24. Rce1 Rd3 25. Qc4 Qd5 26. Rxe5 Rxe5 27. Bxd5
Rxe1+ 28. Kg2 Rxd5 29. Bxg7+ Kxg7 30. Qc3+ Rde5 31. f4 R1e3 32. Qd4 R3e4 33.
Qc3 1/2-1/2

[Event "34. Open Internacional de Andorra 2016"]
[Site "Andorra AND"]
[Date "2016.08.11"]
[Round "9.21"]
[White "Bilquez, Romain"]
[Black "Anguera Maestro, Jaime"]
[Result "1-0"]
[WhiteElo "2183"]
[BlackElo "2092"]
[PlyCount "51"]
[EventDate "2016.08.03"]
[EventType "swiss"]
[EventRounds "9"]
[EventCountry "AND"]
[SourceTitle "Ajedrez en Madrid"]
[Source "lmi"]
[SourceDate "2016.08.03"]
[SourceVersion "1"]
[SourceVersionDate "2018.03.01"]
[SourceQuality "1"]

1. e4 d5 2. exd5 Qxd5 3. Nc3 Qd8 4. Nf3 Nf6 5. Bc4 Bf5 6. Ne5 e6 7. Qf3 c6 8.
d3 Nbd7 9. Nxf7 Kxf7 10. Qxf5 Qe7 11. Bg5 g6 12. Qh3 Bg7 13. O-O b5 14. Bb3 Nc5
15. Rfe1 h6 16. Bxf6 Bxf6 17. Qf3 Rac8 18. Ne4 Rhe8 19. Nxc5 Qxc5 20. Re4 Kg7
21. c3 Rf8 22. d4 Qg5 23. h4 Qf5 24. Rf4 Qh5 25. Qxh5 gxh5 26. Re4 1-0

[Event "34. Open Internacional de Andorra 2016"]
[Site "Andorra AND"]
[Date "2016.08.11"]
[Round "9.22"]
[White "Perche, Louis"]
[Black "Podvin, Francois-Xavier"]
[Result "1-0"]
[WhiteElo "1803"]
[BlackElo "2165"]
[PlyCount "73"]
[EventDate "2016.08.03"]
[EventType "swiss"]
[EventRounds "9"]
[EventCountry "AND"]
[SourceTitle "Ajedrez en Madrid"]
[Source "lmi"]
[SourceDate "2016.08.03"]
[SourceVersion "1"]
[SourceVersionDate "2018.03.01"]
[SourceQuality "1"]

1. e4 d5 2. exd5 c6 3. dxc6 e5 4. cxb7 Bxb7 5. Nc3 Nf6 6. b3 Bc5 7. Bb2 O-O 8.
Qe2 Nc6 9. O-O-O Re8 10. Qc4 Bxf2 11. Nh3 Bb6 12. Ng5 Qe7 13. Nb5 h6 14. Ba3
Qd7 15. Qxf7+ Qxf7 16. Nxf7 Kxf7 17. Nd6+ Kg6 18. Nxb7 Ng4 19. Bc4 Nf2 20. Rhf1
Nxd1 21. Bf7+ Kh7 22. Bxe8 Rxe8 23. Kxd1 e4 24. Nd6 Re6 25. Nc4 Bc7 26. h3 Ne5
27. Nxe5 Bxe5 28. Bc5 a6 29. Re1 Bg3 30. Re2 Bf4 31. d3 e3 32. g3 Bxg3 33. Rxe3
Rg6 34. Rf3 Be5 35. d4 Rg1+ 36. Kd2 Bf6 37. d5 1-0

[Event "34. Open Internacional de Andorra 2016"]
[Site "Andorra AND"]
[Date "2016.08.11"]
[Round "9.23"]
[White "Cantin, Loic"]
[Black "Ronce, Nathan"]
[Result "1/2-1/2"]
[WhiteElo "2146"]
[BlackElo "2122"]
[PlyCount "46"]
[EventDate "2016.08.03"]
[EventType "swiss"]
[EventRounds "9"]
[EventCountry "AND"]
[SourceTitle "Ajedrez en Madrid"]
[Source "lmi"]
[SourceDate "2016.08.03"]
[SourceVersion "1"]
[SourceVersionDate "2018.03.01"]
[SourceQuality "1"]

1. e4 c5 2. Nf3 e6 3. g3 Nc6 4. Bg2 d6 5. d4 cxd4 6. Nxd4 Nf6 7. O-O Nxd4 8.
Qxd4 e5 9. Qd3 Be7 10. c4 O-O 11. Nc3 a6 12. b3 Be6 13. Bg5 Qa5 14. Rfd1 Rac8
15. Bxf6 Bxf6 16. Nd5 Bd8 17. a4 Bxd5 18. Qxd5 Rc6 19. Qxa5 Bxa5 20. Rd5 b6 21.
Bh3 Bb4 22. Rad1 g6 23. Kg2 Bc5 1/2-1/2

[Event "34. Open Internacional de Andorra 2016"]
[Site "Andorra AND"]
[Date "2016.08.11"]
[Round "9.24"]
[White "Arjol Lopez, Daniel"]
[Black "Trouve, Guillaume"]
[Result "0-1"]
[WhiteElo "1963"]
[BlackElo "2142"]
[PlyCount "124"]
[EventDate "2016.08.03"]
[EventType "swiss"]
[EventRounds "9"]
[EventCountry "AND"]
[SourceTitle "Ajedrez en Madrid"]
[Source "lmi"]
[SourceDate "2016.08.03"]
[SourceVersion "1"]
[SourceVersionDate "2018.03.01"]
[SourceQuality "1"]

1. c4 e5 2. g3 c6 3. Bg2 Nf6 4. Nc3 d5 5. cxd5 cxd5 6. Qb3 d4 7. Bxb7 Bxb7 8.
Qxb7 Nbd7 9. Nb5 Rb8 10. Nc7+ Ke7 11. Qxa7 Kd6 12. Na6 Qb6 13. Qxb6+ Rxb6 14.
b4 Rxa6 15. Nf3 Ra4 16. e3 d3 17. Bb2 Nd5 18. Ng5 Ke7 19. a3 f6 20. Nf3 Ke6 21.
O-O Bd6 22. e4 N5b6 23. Ne1 Nc4 24. Nxd3 Rha8 25. Rfc1 Nxb2 26. Nxb2 Rxa3 27.
Rxa3 Rxa3 28. Rc6 Ke7 29. Nc4 Ra1+ 30. Kg2 Bxb4 31. Ne3 Bxd2 32. Nf5+ Kd8 33.
Nxg7 Ra2 34. Ne6+ Ke7 35. Nc7 Be1 36. Nd5+ Kd8 37. Kf1 Bxf2 38. Nxf6 Nxf6 39.
Rxf6 Bd4 40. Rh6 Rf2+ 41. Ke1 Rf7 42. Ke2 Ke7 43. Kd3 Kf8 44. Kc4 Kg7 45. Rh4
Rf2 46. Kd5 Rf6 47. Rh5 Rh6 48. Rg5+ Kf6 49. Rf5+ Kg6 50. h4 Kg7 51. Rf3 Rf6
52. Rb3 Kg6 53. Rb7 Rf7 54. Rb8 Rg7 55. Ke6 Kh5 56. Rb3 Kg4 57. Kf6 Rg6+ 58.
Kf7 Kh3 59. Rb8 Kxg3 60. Rh8 Rh6 61. Rg8+ Kf4 62. Rf8 Kxe4 0-1

[Event "34. Open Internacional de Andorra 2016"]
[Site "Andorra AND"]
[Date "2016.08.11"]
[Round "9.25"]
[White "Aizpurua Blanco, Juan Antonio"]
[Black "Caloone, Thomas"]
[Result "0-1"]
[WhiteElo "2140"]
[BlackElo "2029"]
[PlyCount "102"]
[EventDate "2016.08.03"]
[EventType "swiss"]
[EventRounds "9"]
[EventCountry "AND"]
[SourceTitle "Ajedrez en Madrid"]
[Source "lmi"]
[SourceDate "2016.08.03"]
[SourceVersion "1"]
[SourceVersionDate "2018.03.01"]
[SourceQuality "1"]

1. Nf3 Nf6 2. b3 g6 3. Bb2 Bg7 4. e3 O-O 5. d4 d6 6. Be2 c5 7. O-O Nc6 8. c4
Bd7 9. d5 Nb8 10. Nc3 Na6 11. Qd2 Qa5 12. Rfd1 Nc7 13. e4 a6 14. a4 Qb6 15. Qc2
Qa7 16. h3 Qb8 17. Bd3 b5 18. axb5 axb5 19. Rxa8 Qxa8 20. e5 bxc4 21. bxc4 Nh5
22. exd6 exd6 23. Ne4 Ba4 24. Qd2 Bxb2 25. Rb1 Bg7 26. Nxd6 Rb8 27. Rxb8+ Qxb8
28. Qa5 Bd7 29. Ne4 Nf4 30. Nxc5 Nxd3 31. Nxd7 Qc8 32. d6 Ne8 33. Nb6 Qd8 34.
c5 Nf6 35. Qb5 Nf4 36. d7 Ne6 37. c6 Ne4 38. Nd5 Nc3 39. Nxc3 Bxc3 40. Qb7 Ba5
41. Qc8 Bc7 42. Nd2 Kg7 43. Ne4 h6 44. g3 Qe7 45. Nc3 Qg5 46. Ne2 Qd5 47. Qb7
Qd1+ 48. Kg2 Qxe2 49. Qxc7 Qe4+ 50. Kh2 Nxc7 51. d8=Q Qxc6 0-1